00385nam a2200145 a 45000010005000000030009000050080041000140400028000550820016000831000039000992450037001382600029001753000010002046500025002142113CO-ViMGA141112s2004 ck r 000 u spa d aCO-ViMGAbspacCO-ViMGA04a808.02 R6531 aRomero Alvarez, María de Lourdes10aTecnicas modernas de redacción aMexico : bHarla, c1991 a214 p14aREDACCION - TECNICAS